000 00301nam a2200121 i 4500
001 bg
245 0 _aTeorija mechanizmow i masin :
_bWypusk 12 /
_cp. red. S.N. Kożernikowa.
260 _aCharkow,
_c1972.
040 _cBPK
041 _apol
942 _cKS
008 s pl f |000 0 pol
999 _c15330
_d15330
856 _uhttp://koha.tu.koszalin.pl/cgi-bin/koha/opac-detail.pl?biblionumber=15330
_yKatalog online BPK